000 01012cam a22002535a 4500
001 L159422
008 170609s2015 xxk f 000 0 eng d
020 _a9781859466926
035 _a(Sirsi) u159422
041 0 _aeng
050 0 4 _a344.410465 ASS
110 2 _aAssocation for Project Safety
_96182
245 0 0 _aPrincipal designer's handbook and Guide to CDM 2015 Regulations
260 _aNewcastle-upon-Tyne
_bRIBA Publishing
_c2015
300 _ax, 102p 20 cm
520 _aAimed specifically at Designers taking on the role of Principal Designer on small to medium sized projects explaining their responsibilities in relation to the CDM Regulations 2015. The role of the Principal Design is to control the Pre-Construction Phase of a construction project relating to health and safety
590 _aNTK
650 2 4 _aCDM 2015
650 2 4 _aPRINCIPAL DESIGNER
651 4 _aUnited Kingdom
690 _aHealth and safety
_96244
690 _aConstruction management
_96230
942 _n0
_2ddc
999 _c115886
_d115886